000 01244nam a22003257a 4500
003 CHAP
005 20220329135725.0
008 971013s r 00010 d
010 _a41111
011 _a42083
035 _a46210
040 _cCHAP
082 _a332.71
_bF64 1968
110 _aFondo de Garantía y Fomento para la Agricultura, Ganadería y Avicultura. México
_942107
245 _aLey, reglamento, normas y documentos relativos a las operaciones del Fondo, con la banca privada
250 _a3 ed.
300 _a121 p.
590 _aBATCH-UPD
_b10
_c20130110
_lUCH01
_h0950
590 _aBATCH-UPD
_b10
_c20130410
_lUCH01
_h0604
590 _aBATCH-UPD
_b10
_c20130914
_lUCH01
_h1059
590 _aCONVERSION
_b10
_c20130109
_lUCH01
_h1323
650 1 4 _aCrédito agrícola.
_929022
650 1 4 _aCrédito agrícola
_xLeyes.
_929064
901 _aBK
942 _cLIBRO
949 _a332.71 F64 1968
_bBC
_cLIBRO
_d33724000337994
_eLIBRO
_fc.3
_h41403
_i46210
_mD
_si
949 _a332.71 F64 1968
_bBC
_cLIBRO
_d33724000338000
_eLIBRO
_fc.2
_h41402
_i46210
_mD
_si
949 _a332.71 F64 1968
_bBC
_cLIBRO
_d33724000338018
_eLIBRO
_fc.4
_h41404
_i46210
_mD
_si
949 _a332.71 F64 1968
_bBC
_cLIBRO
_d33724000338026
_eLIBRO
_h41401
_i46210
_mD
_si
999 _c41111
_d41111